| 000 | 00388pab a2200157 454500 | ||
|---|---|---|---|
| 008 | 180718b1999 xxu||||| |||| 00| 0 eng d | ||
| 100 | _aJhaveri, N.J. | ||
| 245 | _aShould we cheer the cheerleaders? | ||
| 260 | _c1999 | ||
| 300 | _ap.7 | ||
| 362 | _a2 Jun | ||
| 650 | _aEconomic and social development | ||
| 650 | _aIndustrial policy | ||
| 773 | _aBusiness Standard | ||
| 909 | _a42468 | ||
| 999 |
_c42468 _d42468 |
||